Relocating gender in Sikh history: transformation, meaning and identity (Record no. 4207)
[ view plain ]
| 000 -LEADER | |
|---|---|
| fixed length control field | 00656nam a2200217Ia 4500 |
| 020 ## - INTERNATIONAL STANDARD BOOK NUMBER | |
| ISBN | 019-566-3152 |
| 082 ## - DEWEY DECIMAL CLASSIFICATION NUMBER | |
| Classification number | 294.60954 JAK-R SL1 |
| 100 ## - MAIN ENTRY--AUTHOR NAME | |
| Personal name | Jakobsh, Doris R. |
| 245 #0 - TITLE STATEMENT | |
| Title | Relocating gender in Sikh history: transformation, meaning and identity |
| 260 ## - PUBLICATION, DISTRIBUTION, ETC. (IMPRINT) | |
| Place of publication | New Delhi |
| Name of publisher | Oxford University Press |
| Year of publication | 2003 |
| 300 ## - PHYSICAL DESCRIPTION | |
| Number of Pages | xi, 296 |
| 504 ## - BIBLIOGRAPHY, ETC. NOTE | |
| Bibliography, etc | includes appendix, bibliography and index |
| 650 ## - SUBJECT ADDED ENTRY--TOPICAL TERM | |
| Topical Term | Khasla |
| Form subdivision | India |
| 650 ## - SUBJECT ADDED ENTRY--TOPICAL TERM | |
| Topical Term | Women in Sikhism |
| Form subdivision | India |
| 650 ## - SUBJECT ADDED ENTRY--TOPICAL TERM | |
| Topical Term | Sikhs |
| Form subdivision | India |
| -- | History |
| 650 ## - SUBJECT ADDED ENTRY--TOPICAL TERM | |
| Topical Term | Sikh sects |
| Form subdivision | India |
| 650 ## - SUBJECT ADDED ENTRY--TOPICAL TERM | |
| Topical Term | Sikh ethics |
| Form subdivision | India |
| 650 ## - SUBJECT ADDED ENTRY--TOPICAL TERM | |
| Topical Term | Sikhism and poltics |
| Form subdivision | India |
| 650 ## - SUBJECT ADDED ENTRY--TOPICAL TERM | |
| Topical Term | Sikh gurus |
| Form subdivision | India |
| 942 ## - ADDED ENTRY ELEMENTS (KOHA) | |
| Koha item type | Books |
| Withdrawn status | Lost status | Damaged status | Not for loan | Home library | Current library | Date acquired | Source of acquisition | Bill Date | Full call number | Accession Number | Price effective from | Koha item type | Collection code |
|---|---|---|---|---|---|---|---|---|---|---|---|---|---|
| NASSDOC Library | NASSDOC Library | 12/07/2005 | Gifted by : North-East Gender and Minori | 2005-05-20 | 294.60954 JAK-R SL1 | 40770 | 18/04/2019 | Books | |||||
| NASSDOC Library | NASSDOC Library | 30/09/2016 | 2004-10-22 | 294.60954 JAK-R | D001958 | 18/04/2019 | Books | Docas Books |
